[Event "Mecklenburg VP-ch U25"]
[Site "Malchow"]
[Date "2014.02.03"]
[Round "4"]
[White "Hessler, Tom"]
[Black "Schubert, Matti"]
[Result "1-0"]
[WhiteElo "1064"]
[BlackElo "873"]
[PlyCount "55"]
[EventDate "2014.02.01"]
[EventType "swiss"]
[EventRounds "7"]
[EventCountry "GER"]
[SourceTitle "EXT 2017"]
[Source "ChessBase"]
[SourceDate "2016.10.25"]
[SourceVersion "1"]
[SourceVersionDate "2016.10.25"]
[SourceQuality "1"]

1. d4 d5 2. c4 Nf6 3. Nc3 e6 4. Bf4 Bb4 5. Nf3 h6 6. Bd2 c5 7. e3 Nc6 8. Bd3 cxd4 9. Nxd4 Ng4 10. Nxc6 bxc6 11. Qxg4 e5 12. Qxg7 Rf8 13. Qxh6 Bd7 14. a3 e4 15. Bc2 Be7 16. cxd5 cxd5 17. Nxd5 Bb5 18. Bxe4 Rc8 19. Bb4 Bxb4+ 20. axb4 Rc6 21. Qh5 Re6 22. Nc3 Bd3 23. Bxd3 Qxd3 24. Qb5+ Qxb5 25. Nxb5 Rb6 26. Nxa7 Rxb4 27. Ra2 Ke7 28. Nc6+ 1-0

[Event "Mecklenburg VP-ch U18"]
[Site "Malchow"]
[Date "2009.02.09"]
[Round "4.1"]
[White "Hessler, Tom"]
[Black "Schreiber, Felix"]
[Result "0-1"]
[WhiteElo "1130"]
[BlackElo "1467"]
[PlyCount "60"]
[EventDate "2009.02.08"]
[EventType "tourn"]
[EventRounds "7"]
[EventCountry "GER"]
[SourceTitle "EXT 2022"]
[Source "ChessBase"]
[SourceDate "2021.10.06"]
[SourceVersion "1"]
[SourceVersionDate "2021.10.06"]
[SourceQuality "1"]

1. e4 c5 2. Nc3 d6 3. Nf3 g6 4. Bc4 Bg4 5. d3 Nf6 6. Bg5 Nbd7 7. Qe2 Bg7 8. 0-0-0 a6 9. a3 0-0 10. Rhe1 b5 11. Ba2 b4 12. axb4 cxb4 13. Nd5 a5 14. Qe3 Be6 15. Nd4 Nc5 16. Nxe6 Nxe6 17. Nf4 Nxf4 18. Qxf4 Qb6 19. Bd5 Ra7 20. Qe3 Qb8 21. d4 a4 22. Kd2 Rc8 23. Ra1 Qb6 24. Rec1 Nxd5 25. exd5 Bxd4 26. Re1 Bxe3+ 27. Bxe3 Rc5 28. Bxc5 Qxc5 29. Re2 Qxd5+ 30. Ke1 Qxg2 0-1